Life and death in keatsþs "To Autumn"

Guardado en:
書目詳細資料
主要作者: Herrera Ocampo, Ana Teresa
格式: 未知
語言:Spanish
出版: San José, Costa Rica Universidad de Costa Rica, Facultad de Letras, Escuela de Lenguas Modernas 1984
主題:
標簽: 添加標簽
沒有標簽, 成為第一個標記此記錄!

MARC

LEADER 00000 a2200000 4500
008 190826b ||||| |||| 00| 0 spa d
999 |c 30765  |d 30765 
040 |a cru BVZT 
090 |a TESIS 312 
100 |a Herrera Ocampo, Ana Teresa 
245 |a Life and death in keatsþs "To Autumn"  |c Ana Teresa Herrera Ocampo 
260 |a San José, Costa Rica  |b Universidad de Costa Rica, Facultad de Letras, Escuela de Lenguas Modernas  |c 1984 
300 |a 34 páginas 
650 |a TRABAJO FINAL DE GRADUACIÓN  |9 237 
650 |a LICENCIATURA EN LITERATURA INGLESA 
650 |a TO AUTUMN 
942 |2 z  |c TFG